LEADER 01119nam0 2200325 450 001 000028356 005 20231130132914.0 010 $a978-0-7506-4552-2 100 $a20110921d2011----km-y0itay50------ba 101 0 $aeng 102 $aUS$aNL 105 $aa-------001yy 200 1 $aDescriptive Physical Oceanography$ean Introduction$fLynne D. Talley ... [et al.] 205 $a6th ed. 210 $aBurlington, MA$cElsevier Academic Press$dc2011 215 $aVIII, 555 p., [59] p. di tav.$cill.$d25 cm. 451 0$1001000025683$1001000025675$1001000001822 500 10$aDescriptive Physical Oceanography$93575659 610 1 $aOceanografia 676 $a551.46$v21$9Idrosfera oceanografia 700 1$aTalley,$bLynne D.$01432113 701 1$aPickard,$bGeorge L.$0602907 701 1$aEmery,$bWilliam J.$0602908 701 1$aSwift,$bJames H.$01432114 801 0$aIT$bUNIPARTHENOPE$c20110921$gRICA$2UNIMARC 912 $a000028356 951 $aDISAM 551-D/4$b3324$cDISAM$d2011 951 $aP1 551-D/7$b49330$cNAVA4$d2023 996 $aDescriptive Physical Oceanography$93575659 997 $aUNIPARTHENOPE LEADER 01176nam0 22003373i 450 001 PUV0819160 005 20231121125619.0 010 $a2020505657 100 $a20030430d2002 ||||0itac50 ba 101 | $afre 102 $afr 181 1$6z01$ai $bxxxe 182 1$6z01$an 200 1 $aFigures 5.$fGérard Genette 210 $aParis$cSeuil$dc2002 215 $a352 p., \4! p. di tav.$cill.$d21 cm. 225 | $aPoétique 410 0$1001MIL0035786$12001 $aPoétique 606 $aLetteratura francese$2FIR$3RMLC013533$9I 606 $aCritica letteraria$2FIR$3RMLC001147$9E 606 $aGeneri letterari$2FIR$3RMLC092508$9I 700 1$aGenette$b, Gérard$3CFIV011788$4070$0384264 801 3$aIT$bIT-01$c20030430 850 $aIT-RM028 $aIT-FR0017 899 $aBiblioteca Universitaria Alessandrina$bRM028 899 $aBiblioteca umanistica Giorgio Aprea$bFR0017 $eN 912 $aPUV0819160 950 0$aBiblioteca umanistica Giorgio Aprea$d 52MAG 10/1979.5$e 52LLC0000045195 VMN RS $fA $h20150508$i20150508 977 $a 01$a 52 996 $aFigures 5$988958 997 $aUNICAS